| 000 | 01394nam1a22003011i 4500 | ||
|---|---|---|---|
| 001 | rc\3600791 | ||
| 005 | 20240726081814.0 | ||
| 035 | _a(NLR Aleph) 007812612 | ||
| 090 |
_a7718353 _c7718353 |
||
| 100 | _a20130115g1972 |||y0rusy50 ca | ||
| 101 | 0 | _arus | |
| 102 | _aRU | ||
| 105 | _ay z ||||| | ||
| 200 | 1 |
_aПособие по страноведению _eДля IV курса [фак. нем. яз. _fРед. коллегия: канд. филол. наук Л.А. Сухарева (отв. ред.) и др.] _g[М-во высш. и сред. спец. образования БССР]. Мин. гос. пед. ин-т иностр. яз. Ч. 1- |
|
| 210 |
_aМинск _cБ. и. _d1972- |
||
| 215 | _d21 | ||
| 300 | _aПеред загл. авт.: Г.И. Куликов, В.И. Мартиневский, Р.В. Павлович, М.Г. Эренштейн | ||
| 606 |
_aНемецкий язык _jУчебники и пособия _2psbo |
||
| 607 |
_aГермания _xИстория _z19-20 вв. _jХрестоматии на иностранных языках _2psbo |
||
| 701 | 1 |
_aМартиневский _bВ.И. |
|
| 701 | 1 |
_aПавлович _bР.В. |
|
| 701 | 1 |
_aКуликов _bГ.И. |
|
| 701 | 1 |
_aЭренштейн _bМ.Г. |
|
| 702 | 1 |
_aСухарева _bЛ.А. _4340 |
|
| 801 | 0 |
_aRU _bNLR _gpsbo |
|
| 801 | 1 |
_aRU _bELAR _2rusmarc |
|
| 852 |
_aNLR _j72-3/9325 |
||
| 942 | _cBOOK | ||